One Tree Hill Performers Quiz Stats

 Plays Quiz not verified by Sporcle

Support Sporcle.
Go Orange.
Score 0/14 Timer 03:00
0 Plays Today
name who performed in what season % Correct
Season 3 Episode 4/ Episode 15Fall Out Boy
76.9%
Season1 Episode 7/ Season 3 Episode 15/ Season 6 Episode 10Haley
70.8%
Season 1 Episode 10Gavin Degraw
65.4%
Season 2 Episode 13Chris Keller
57.7%
Season 1 Episode 16Sheryl Crow
56%
Season 5 Episode 7/ Season 6 Episode 10 and 23 Mia
55.4%
Season 2 Episode 13The Wreckers
45.2%
name who performed in what season % Correct
Season 2 Episode 22Jimmy Eat World
38.6%
Season 3 Episode 15Jack's Mannequin
33.5%
Season 1 Episode 10Jake
25.3%
Season 6 Episode 10Angels and Airwaves
21.3%
Season 5 Episode 7The Honorary Title
10.9%
Season 6 Episode 21Nick Lachey
10.6%
Season 6 Episode 7Grace Potter
5.1%

You're not logged in!

Compare scores with friends on all Sporcle quizzes.
OR
Log In

From the Vault

Let's Call It a Day!

by 1447

You never know when you'll have to say Thursday in Welsh.
Remove Ads.
Support Sporcle.
Get the best of Sporcle when you Go Orange. This ad-free experience offers more features, more stats, and more fun while also helping to support Sporcle. Thank you for becoming a member.

Show Comments

Extras

Top Quizzes Today


Score Distribution

Your Account Isn't Verified!

In order to create a playlist on Sporcle, you need to verify the email address you used during registration. Go to your Sporcle Settings to finish the process.

Report this User

Report this user for behavior that violates our Community Guidelines.

Details: